000 00636nam a2200193 a 4500
001 000010405
005 20240412074218.0
008 091007s1982 dr 000 p spa d
040 _aDO-SdBNP
_bspa
_cBNPHU
082 _aRD861.44
_bL296s
100 1 _aLantigua, José Rafael,
_d1949-
_91438
245 1 0 _aSobre un tiempo de esperanzas :
_bpoemas 1966-1976 /
_cJosé Rafael Lantigua.
260 _aSanto Domingo :
_bEscala gráfica,
_c1982.
300 _a107 p. ;
_c18 cm.
590 _aInventariado, 2018/LP
650 0 _aPoesía dominicana
_966
650 0 _aLiteratura dominicana.
_967
910 _aValidado. Control de calidad BNPHU.
999 _c10164
_d10164